A dictionary of Urdu classical Hindi and English / (Record no. 616236)
[ view plain ]
| 000 -LEADER | |
|---|---|
| fixed length control field | 00347nam a22001217a 4500 |
| 082 ## - DEWEY DECIMAL CLASSIFICATION NUMBER | |
| Classification number | 491.43903 |
| Author Mark | PLA |
| 100 ## - MAIN ENTRY--PERSONAL NAME | |
| Personal name | Platts, John T. |
| 245 ## - TITLE STATEMENT | |
| Title | A dictionary of Urdu classical Hindi and English / |
| Statement of responsibility, etc. | John T. Platts |
| 260 ## - PUBLICATION, DISTRIBUTION, ETC. | |
| Place of publication, distribution, etc. | London : |
| Name of publisher, distributor, etc. | Oxford University Press, |
| Date of publication, distribution, etc. | 1968. |
| 300 ## - PHYSICAL DESCRIPTION | |
| Extent | 1259 p. ; |
| Dimensions | 26 cm. |
| 563 ## - BINDING INFORMATION | |
| Binding note | HB. |
| 942 ## - ADDED ENTRY ELEMENTS (KOHA) | |
| Source of classification or shelving scheme | |
| Koha item type | Book |
| Withdrawn status | Lost status | Source of classification or shelving scheme | Damaged status | Not for loan | Permanent Location | Current Location | Date acquired | Source of acquisition | Total Checkouts | Full call number | Barcode | Date last seen | Price effective from | Koha item type |
|---|---|---|---|---|---|---|---|---|---|---|---|---|---|---|
| NUST Law School (NLS) | NUST Law School (NLS) | 02/17/2026 | Donated by Mr. Salahuddin Khan Advocate Supreme Court of Pakistan | 491.43903 PLA | NLSD-585 | 02/17/2026 | 02/17/2026 | Book |
